LEADER 01029cam0 2200301 450 001 E600200024800 005 20210406073455.0 010 $a88-383-1024-6 100 $a20070131d1989 |||||ita|0103 ba 101 $aita 102 $aIT 200 1 $aStoria critica della Rivoluzione francese$fJacques Solé 210 $aFirenze$cSansoni$d[1989] 215 $aXI, 355 p.$d21 cm 225 2 $aBiblioteca Universale Sansoni 300 $aTrad. di Donatella Golini 410 1$1001LAEC00017692$12001 $a*Biblioteca Universale Sansoni 700 1$aSolé$b, Jacques$3A600200040505$4070$0426486 702 1$a*Golini, Donatella$3SOBA00020066$4070 801 0$aIT$bUNISOB$c20210406$gRICA 850 $aUNISOB 852 $aUNISOB$j900$m57660 912 $aE600200024800 940 $aM 102 Monografia moderna SBN 941 $aM 957 $a900$b001783$gSi$d57660$racquisto$1pregresso2$2UNISOB$3UNISOB$420070131085457.0$520210406073455.0$6rovito 996 $aStoria critica della Rivoluzione francese$9824523 997 $aUNISOB